| 000 | 00684aam a2200289 4500 | ||
|---|---|---|---|
| 005 | 20240308194826.0 | ||
| 008 | 150310b xxu||||| |||| 00| 0 spa d | ||
| 020 | _a9799702407620 | ||
| 041 | _aESP | ||
| 082 | _a658.8 W824m | ||
| 100 |
_aWithers, Jean _918129 |
||
| 100 |
_aVipperman, Carol _918130 |
||
| 245 | _aMarketing de servicios | ||
| 260 | _aMéxico | ||
| 260 | _bCECSA | ||
| 260 | _c2005 | ||
| 300 | _a181 páginas | ||
| 650 | _aMARKETING | ||
| 650 | _aMERCADOTECNIA DE SERVICIOS | ||
| 650 | _aPLAN MERCADOTECNIA | ||
| 650 | _aESTRATEGIAS | ||
| 650 | _aPOSICIONAMIENTO DE MERCADO | ||
| 942 |
_cBK _2ddc |
||
| 999 |
_c2110 _d2110 |
||